Online Catalogue and eLibrary

Age and Generation (Record no. 1525)

MARC details
000 -LEADER
fixed length control field 00406nam a2200169Ia 4500
005 - DATE AND TIME OF LATEST TRANSACTION
control field 20250106033029.0
008 - FIXED-LENGTH DATA ELEMENTS--GENERAL INFORMATION
fixed length control field 240331s9999 xx 000 0 und d
020 ## - INTERNATIONAL STANDARD BOOK NUMBER
ISBN 0422793604
082 ## - DDC Classification
Item Number - Author Mark MIK
DDC Edition Number 5413
Class No. 305.2
100 ## - MAIN ENTRY--PERSONAL NAME
Personal name O'Donnell, M
245 #0 - TITLE STATEMENT
Title Age and Generation
260 ## - PUBLICATION, DISTRIBUTION, ETC.
Place of publication, distribution, etc. London
Name of publisher, distributor, etc. Tavistock Publication
Date of publication, distribution, etc. 1985
300 ## - PHYSICAL DESCRIPTION
Extent (e.g. Volumes, Pages etc.) vi, 154 p.,
650 ## - SUBJECT ADDED ENTRY--TOPICAL TERM
Topical term or geographic name entry element Generation
650 ## - SUBJECT ADDED ENTRY--TOPICAL TERM
Topical term or geographic name entry element Youth
942 ## - Koha item type (Biblio)
Koha item type Books in Stacks (Lending)
Holdings
Lost status Damaged status Collection code Home library Current library Shelving location Date acquired Full call number Accession Number Item type
    Lending WERC Library WERC Library Social Science Cupboard 03/31/2024 305.2 O'DO 5413 Books in Stacks (Lending)

© WERC Library